| 000 | 01298mc a2200361a 44500 | ||
|---|---|---|---|
| 001 | NM030120 | ||
| 003 | RG CODE MARC | ||
| 008 | 55020s1993 ||||||||||||||000 | spa|| | ||
| 005 | 20251028183342.0 | ||
| 020 | _a84-7151-733-7 | ||
| 040 | _aORG CODE MARC | ||
| 100 |
_aCollin, Matthieu _940961 |
||
| 245 |
_aEvangelio y tradición de Israel _cMatthieu Collin , y Pierre Lenhardt, y Philippe Gruson |
||
| 250 | _a2ª ed. | ||
| 260 |
_aEstella [España] _bVerbo Divino |
||
| 300 |
_a64 p. _b19 x 21 cm. |
||
| 490 |
_aCuadernos bíblicos _v73 |
||
| 500 | _aTítulo original: Evangile et tradition d'Israël | ||
| 500 | _aTraducido por: Nicolás Darrícal | ||
| 500 | _aDonación de Pablo Vernola, 2025 | ||
| 500 | _aEd. original en francés: Les Editions du Cerf | ||
| 500 | _aContiene "Cuadro cronológico" | ||
| 500 | _aIncluye referencias bibliográficas | ||
| 505 | _tIntroducción: Jesús y la tradición judía | ||
| 505 | _tI. El N.T. atestigua la existencia de la Torá oral | ||
| 505 | _tII. Desarrollo histórico de la Torá oral y del N.T. | ||
| 505 | _tIII. La tradición cristiana en diálogo con la Torá oral | ||
| 505 | _tConclusión | ||
| 653 | _aNUEVO TESTAMENTO Y TORA | ||
| 700 |
_aLenhardt, Pierre _940962 |
||
| 700 | _aGruson, Philippe | ||
| 942 | _cBK | ||
| 999 |
_c29427 _d29427 |
||